000 00887cam a2200253u 4500
008 810917s1970 be 000 0 fre d
010 _a 79568907
040 _aEG-GiCUC
_bfre
_cEG-GiCUC
050 0 0 _aPT5475.F7
_bL4
092 0 4 _a839.311
_bC412
_221
099 _a04
_a839.311 C412
245 0 3 _aLe cercle des choses
_btextes traduits du moyen ne{u00B4}erlandais /
_cChoisis et presentes par Claudine Lemaire.
260 _aBruxelles,
_bBibliotheque royale Albert Ier,
_c1970.
300 _a422 p.
_c22x10 cm.
650 0 _aDutch poetry
_vTranslations into French.
650 0 _aDutch poetry
_yTo 1500
_xHistory and criticism.
650 0 _aFrench poetry
_vTranslations into Dutch.
700 1 _aLemaire, Claudine.
902 _a1
905 _aEman
_eRev.
905 _aJamal
_eCat.
942 _2ddc
_cBK
999 _c136555
_d136555